[Event "Helsinki EtVaS Autumn-C"]
[Site "Helsinki"]
[Date "2019.09.07"]
[Round "3"]
[White "Suseenthiram, Rajaji"]
[Black "Ihaksi, Arto"]
[Result "1-0"]
[WhiteElo "1884"]
[BlackElo "1906"]
[PlyCount "43"]
[EventDate "2019.09.06"]
[EventType "tourn"]
[EventRounds "5"]
[EventCountry "FIN"]
[SourceTitle "EXT 2021"]
[Source "ChessBase"]
[SourceDate "2020.10.23"]
[SourceVersion "1"]
[SourceVersionDate "2020.10.23"]
[SourceQuality "1"]

1. d4 d5 2. c4 c6 3. Nc3 Nf6 4. Nf3 g6 5. e3 Bg7 6. Be2 0-0 7. 0-0 a6 8. a4 Bg4 9. Qb3 Bc8 10. a5 e6 11. Bd2 Nbd7 12. Rfc1 Ne8 13. e4 dxc4 14. Bxc4 Nd6 15. Be2 Nb5 16. Nxb5 cxb5 17. Bg5 Bf6 18. Bf4 Nb8 19. Bc7 Qd7 20. e5 Bd8 21. Bd6 Be7 22. Rc7 1-0

[Event "Helsinki EtVaS Autumn-C"]
[Site "Helsinki"]
[Date "2019.09.06"]
[Round "1"]
[White "Suseenthiram, Rajaji"]
[Black "Di Candia, Roberto"]
[Result "0-1"]
[WhiteElo "1884"]
[BlackElo "1941"]
[PlyCount "90"]
[EventDate "2019.09.06"]
[EventType "tourn"]
[EventRounds "5"]
[EventCountry "FIN"]
[SourceTitle "EXT 2021"]
[Source "ChessBase"]
[SourceDate "2020.10.23"]
[SourceVersion "1"]
[SourceVersionDate "2020.10.23"]
[SourceQuality "1"]

1. b3 g6 2. Bb2 Nf6 3. e4 c5 4. e5 Nd5 5. e6 f6 6. Bb5 Nc6 7. a3 dxe6 8. Bxc6+ bxc6 9. Qf3 e5 10. Ne2 Qd6 11. 0-0 Bg7 12. d3 f5 13. Ra2 0-0 14. Nd2 Ba6 15. Rd1 e4 16. dxe4 fxe4 17. Nxe4 Rxf3 18. Nxd6 Bxe2 19. Rd2 Rff8 20. Bxg7 Kxg7 21. Ne4 Nf4 22. Nxc5 Rad8 23. c4 Bg4 24. f3 Bf5 25. g3 Nd3 26. Nb7 Rd7 27. Na5 Ne5 28. Kf2 Rfd8 29. Rxd7 Rxd7 30. g4 Be6 31. Re2 Nd3+ 32. Kg3 Rd6 33. b4 c5 34. Nb7 Rb6 35. Nxc5 Nxc5 36. bxc5 Rc6 37. Re5 Kf6 38. f4 Bxc4 39. Kf3 Re6 40. g5+ Kf7 41. Ke4 Ke8 42. Kd4 Rxe5 43. Kxe5 Kd7 44. f5 gxf5 45. Kxf5 Bf7 0-1

[Event "Helsinki We Garde Spring A"]
[Site "Helsinki"]
[Date "2017.03.31"]
[Round "1"]
[White "Suseenthiram, Rajaji"]
[Black "Aalto, Patrik"]
[Result "1/2-1/2"]
[WhiteElo "1812"]
[BlackElo "1804"]
[PlyCount "227"]
[EventDate "2017.03.31"]
[EventType "swiss"]
[EventRounds "5"]
[EventCountry "FIN"]
[SourceTitle "EXT 2022"]
[Source "ChessBase"]
[SourceDate "2021.10.06"]
[SourceVersion "1"]
[SourceVersionDate "2021.10.06"]
[SourceQuality "1"]

1. d4 Nf6 2. c4 c5 3. Nf3 cxd4 4. Nxd4 Nc6 5. Nc3 g6 6. e4 Bg7 7. Be3 Ng4 8. Nxc6 dxc6 9. Qxd8+ Kxd8 10. 0-0-0+ Kc7 11. Bf4+ Be5 12. Bxe5+ Nxe5 13. f4 Ng4 14. Rd2 Be6 15. b3 Rad8 16. Be2 Rxd2 17. Kxd2 Rd8+ 18. Kc1 f6 19. Bxg4 Bxg4 20. h3 Bc8 21. Rd1 Rxd1+ 22. Nxd1 Kd6 23. Kd2 e5 24. fxe5+ Kxe5 25. Ke3 f5 26. Nf2 fxe4 27. Nxe4 Bf5 28. Ng5 Bb1 29. a3 h5 30. Nf7+ Kf6 31. Nd8 Ba2 32. Nxb7 Bxb3 33. Na5 Ba4 34. Nb7 Ke5 35. Nc5 Bc2 36. Nd7+ Kd6 37. Nf6 Kc5 38. Kd2 Bb3 39. Kc3 Bxc4 40. Ne4+ Kd5 41. Nf6+ Ke6 42. Kxc4 Kxf6 43. Kc5 Kf5 44. Kxc6 Kf4 45. a4 Kg3 46. a5 Kxg2 47. h4 Kg3 48. a6 Kxh4 49. Kb7 g5 50. Kxa7 g4 51. Kb7 g3 52. a7 g2 53. a8Q g1Q 54. Qd8+ Qg5 55. Qd4+ Qg4 56. Qf2+ Kh3 57. Qe3+ Qg3 58. Qe6+ Kh2 59. Kc6 h4 60. Qf6 h3 61. Kd7 Qe3 62. Qg6 Qd2+ 63. Ke7 Qe3+ 64. Kd7 Qa7+ 65. Kc8 Qa8+ 66. Kd7 Qb7+ 67. Kd8 Kh1 68. Qf5 Qg2 69. Qb1+ Kh2 70. Qb8+ Kg1 71. Qb1+ Kf2 72. Qc2+ Kg3 73. Qg6+ Kh4 74. Qh6+ Kg4 75. Qg6+ Kf4 76. Qf6+ Ke4 77. Qc6+ Ke5 78. Qc3+ Ke6 79. Qe3+ Kf7 80. Qf4+ Kg8 81. Qc4+ Kh8 82. Qd4+ Kh7 83. Qh4+ Kg6 84. Qd4 h2 85. Qd3+ Kg7 86. Qd4+ Kg8 87. Qc4+ Kh7 88. Qd3+ Kh8 89. Qd4+ Kh7 90. Qd3+ Kh8 91. Qd4+ Qg7 92. Qh4+ Qh7 93. Qf6+ Kg8 94. Qe6+ Qf7 95. Qg4+ Kf8 96. Qb4+ Kg7 97. Qg4+ Qg6 98. Qd7+ Kh6 99. Qh3+ Qh5 100. Qe6+ Kh7 101. Qe4+ Kg7 102. Qd4+ Kg6 103. Qd6+ Kg5 104. Qe5+ Kg4 105. Qe2+ Kg5 106. Qe5+ Kh6 107. Qf6+ Kh7 108. Qe7+ Kg8 109. Qe6+ Kh8 110. Qf6+ Kh7 111. Qe7+ Kg6 112. Qe8+ Kg5 113. Qe5+ Kg4 114. Qe2+ 1/2-1/2

[Event "Tampere We TammerSh B"]
[Site "Tampere"]
[Date "2017.03.25"]
[Round "1"]
[White "Luosto, Kerkko"]
[Black "Suseenthiram, Rajaji"]
[Result "1-0"]
[WhiteElo "1889"]
[BlackElo "1812"]
[PlyCount "101"]
[EventDate "2017.03.25"]
[EventType "swiss"]
[EventRounds "4"]
[EventCountry "FIN"]
[SourceTitle "EXT 2022"]
[Source "ChessBase"]
[SourceDate "2021.10.06"]
[SourceVersion "1"]
[SourceVersionDate "2021.10.06"]
[SourceQuality "1"]

1. c4 Nf6 2. d4 c6 3. Nc3 d5 4. e3 e6 5. Nf3 Nbd7 6. Qc2 Bd6 7. b3 0-0 8. Bb2 Re8 9. Be2 b6 10. cxd5 exd5 11. 0-0 Nf8 12. Bd3 Bg4 13. Ne2 Ne4 14. Ng3 Bxf3 15. gxf3 Ng5 16. f4 Nf3+ 17. Kg2 Nh4+ 18. Kh1 Re6 19. Nf5 Nxf5 20. Bxf5 Rh6 21. f3 g6 22. Bd3 Kh8 23. Rac1 Qh4 24. Qf2 g5 25. Qxh4 Rxh4 26. Rxc6 Rd8 27. Rxd6 Rxd6 28. fxg5 Rc6 29. e4 Ng6 30. exd5 Rd6 31. Be4 Nf4 32. Ba3 Rd7 33. d6 Ne2 34. Kg2 Rd8 35. Re1 Rxe4 36. fxe4 Nc3 37. e5 Nxa2 38. Re3 Kg7 39. Kf3 Kg6 40. Kg4 a5 41. h4 h5+ 42. Kf4 b5 43. Bc5 Rd7 44. Ke4 Nc1 45. Kd5 a4 46. bxa4 bxa4 47. Kc6 Rd8 48. d7 Nb3 49. Kc7 Ra8 50. d8Q Rxd8 51. Kxd8 1-0

[Event "Tampere We TammerSh B"]
[Site "Tampere"]
[Date "2017.03.25"]
[Round "2"]
[White "Suseenthiram, Rajaji"]
[Black "Kapanen, Keijo"]
[Result "1-0"]
[WhiteElo "1812"]
[BlackElo "1900"]
[PlyCount "107"]
[EventDate "2017.03.25"]
[EventType "swiss"]
[EventRounds "4"]
[EventCountry "FIN"]
[SourceTitle "EXT 2022"]
[Source "ChessBase"]
[SourceDate "2021.10.06"]
[SourceVersion "1"]
[SourceVersionDate "2021.10.06"]
[SourceQuality "1"]

1. e4 d6 2. d4 Nf6 3. Nc3 g6 4. Bg5 c6 5. Qd2 h6 6. Bf4 g5 7. Bg3 Nh5 8. Be2 Nxg3 9. hxg3 Bg7 10. 0-0-0 Qa5 11. f4 g4 12. Bc4 b5 13. Bb3 Na6 14. Rh5 Rb8 15. Nge2 c5 16. dxc5 Nxc5 17. Kb1 Nxb3 18. cxb3 a6 19. Nd4 Bd7 20. Qd3 Rc8 21. Nd5 e6 22. b4 Qd8 23. Ne3 Qc7 24. Ne2 0-0 25. Nxg4 Rfd8 26. Nxh6+ Kf8 27. e5 Bc6 28. Qh7 Be4+ 29. Qxe4 dxe5 30. Rxd8+ Qxd8 31. Nc3 Rxc3 32. bxc3 Qd1+ 33. Kb2 Qxh5 34. Qa8+ Ke7 35. Ng8+ Kd7 36. Qa7+ Kd6 37. Qxa6+ Kd5 38. Ne7+ Ke4 39. Qxb5 Ke3 40. Qf1 Qe2+ 41. Qxe2+ Kxe2 42. a4 e4 43. a5 Kd2 44. a6 Bxc3+ 45. Kb3 Bd4 46. Nc6 Bb6 47. Ne5 Ba7 48. Nxf7 e3 49. Ne5 e2 50. Kc4 Ke3 51. Nd3 Kd2 52. g4 Be3 53. g3 Ba7 54. g5 1-0

[Event "Crawley e2e4 Gatwick op U2050"]
[Site "Crawley"]
[Date "2016.05.29"]
[Round "4"]
[White "Suseenthiram, Rajaji"]
[Black "Zhao, Haolin"]
[Result "1-0"]
[WhiteElo "1874"]
[BlackElo "1635"]
[PlyCount "53"]
[EventDate "2016.05.27"]
[EventType "swiss"]
[EventRounds "7"]
[EventCountry "ENG"]
[SourceTitle "EXT 2019"]
[Source "ChessBase"]
[SourceDate "2018.10.10"]
[SourceVersion "1"]
[SourceVersionDate "2018.10.10"]
[SourceQuality "1"]

1. Nc3 d5 2. Nf3 Nf6 3. e3 Bf5 4. b3 g6 5. Bb2 Bg7 6. d3 c6 7. Be2 Nbd7 8. Nd4 e5 9. Nxf5 gxf5 10. 0-0 Qc7 11. d4 e4 12. Na4 Bf8 13. c4 Bd6 14. g3 h5 15. cxd5 h4 16. dxc6 bxc6 17. Kg2 Nd5 18. Nc3 hxg3 19. Nxd5 Rxh2+ 20. Kg1 cxd5 21. f4 exf3 22. Rxf3 g2 23. Qd2 Bb4 24. Qxb4 Rh1+ 25. Kf2 g1Q+ 26. Rxg1 Qh2+ 27. Rg2 1-0

[Event "Helsinki Arena HSL"]
[Site "Helsinki"]
[Date "2015.06.28"]
[Round "5"]
[White "Suseenthiram, Rajaji"]
[Black "Koykka, Pekka"]
[Result "0-1"]
[WhiteElo "2002"]
[BlackElo "2332"]
[PlyCount "72"]
[EventDate "2015.06.27"]
[EventType "swiss"]
[EventRounds "5"]
[EventCountry "FIN"]
[SourceTitle "EXT 2022"]
[Source "ChessBase"]
[SourceDate "2021.10.06"]
[SourceVersion "1"]
[SourceVersionDate "2021.10.06"]
[SourceQuality "1"]

1. d4 Nf6 2. Bf4 c5 3. e3 Qb6 4. b3 e6 5. Nf3 Nd5 6. Bg3 cxd4 7. Qxd4 Bb4+ 8. Nbd2 Bc3 9. Qxb6 Nxb6 10. 0-0-0 d5 11. Bd6 Nc6 12. Nb1 Bf6 13. Nd4 Be7 14. Bxe7 Kxe7 15. Be2 Rd8 16. Rd2 e5 17. Nb5 Bf5 18. Rhd1 Rac8 19. Kb2 a6 20. N5a3 Be6 21. c3 f5 22. Nc2 g5 23. Ne1 Nd7 24. a4 Nf6 25. f3 Rg8 26. Na3 h5 27. Nec2 g4 28. c4 gxf3 29. gxf3 Rg2 30. Bf1 Rg1 31. Bh3 Rxd1 32. Rxd1 Rg8 33. cxd5 Nxd5 34. Nc4 h4 35. Nd6 Kxd6 36. e4 fxe4 0-1

[Event "Helsinki Arena HSL"]
[Site "Helsinki"]
[Date "2015.06.27"]
[Round "2"]
[White "Kugappi, Tomi"]
[Black "Suseenthiram, Rajaji"]
[Result "0-1"]
[WhiteElo "2005"]
[BlackElo "2002"]
[PlyCount "79"]
[EventDate "2015.06.27"]
[EventType "swiss"]
[EventRounds "5"]
[EventCountry "FIN"]
[SourceTitle "EXT 2022"]
[Source "ChessBase"]
[SourceDate "2021.10.06"]
[SourceVersion "1"]
[SourceVersionDate "2021.10.06"]
[SourceQuality "1"]

1. d4 Nf6 2. Nf3 d5 3. b3 Bf5 4. Bb2 e6 5. Nbd2 c5 6. e3 Nc6 7. Bb5 a6 8. Bxc6+ bxc6 9. Ne5 Rc8 10. 0-0 cxd4 11. exd4 Be7 12. c4 0-0 13. c5 Nd7 14. f4 f6 15. Nxd7 Qxd7 16. g4 Bd3 17. Rf2 e5 18. f5 e4 19. Qe1 Bd8 20. Qe3 g5 21. fxg6 hxg6 22. Qh6 Rf7 23. Nf1 Rh7 24. Qf4 g5 25. Qf5 e3 26. Qxd3 exf2+ 27. Kxf2 Qxg4 28. Re1 Be7 29. Bc1 f5 30. Qe3 f4 31. Qe5 Rh3 32. Qe6+ Qxe6 33. Rxe6 Kf7 34. Re1 Bf6 35. Rd1 Rch8 36. Kg1 Ke6 37. Bb2 Kf5 38. Rd2 g4 39. Rf2 Rd3 40. Ng3+ 0-1

[Event "Helsinki Arena HSL"]
[Site "Helsinki"]
[Date "2015.06.27"]
[Round "3"]
[White "Suseenthiram, Rajaji"]
[Black "Lonnqvist, Henrik"]
[Result "1/2-1/2"]
[WhiteElo "2002"]
[BlackElo "2044"]
[PlyCount "51"]
[EventDate "2015.06.27"]
[EventType "swiss"]
[EventRounds "5"]
[EventCountry "FIN"]
[SourceTitle "EXT 2022"]
[Source "ChessBase"]
[SourceDate "2021.10.06"]
[SourceVersion "1"]
[SourceVersionDate "2021.10.06"]
[SourceQuality "1"]

1. d4 Nf6 2. c4 g6 3. Nf3 Bg7 4. Nc3 d6 5. e4 0-0 6. h3 e5 7. d5 Nbd7 8. Bd3 a5 9. 0-0 Nh5 10. Bg5 f6 11. Be3 Nf4 12. Re1 g5 13. Bf1 b6 14. g3 Ng6 15. Nh2 Nc5 16. Qh5 Bd7 17. Ng4 Qc8 18. Rad1 Be8 19. Nh6+ Kh8 20. Nf5 Nh4 21. Qg4 Nxf5 22. Qxf5 Bd7 23. Qf3 Bxh3 24. Bxh3 Qxh3 25. Bxc5 bxc5 26. Nb5 1/2-1/2

[Event "Helsinki ShakkiNet-B 6th"]
[Site "Helsinki"]
[Date "2015.06.08"]
[Round "1"]
[White "Suseenthiram, Rajaji"]
[Black "Tumanov, Dmitri"]
[Result "0-1"]
[WhiteElo "1854"]
[BlackElo "2177"]
[PlyCount "68"]
[EventDate "2015.06.08"]
[EventType "tourn"]
[EventRounds "5"]
[EventCountry "FIN"]
[SourceTitle "CBM 166 Extra"]
[Source "ChessBase"]
[SourceDate "2015.06.18"]
[SourceVersion "1"]
[SourceVersionDate "2015.06.18"]
[SourceQuality "1"]

1. d4 Nf6 2. Bf4 c5 3. dxc5 Na6 4. c6 bxc6 5. Nc3 Qb6 6. Qd2 Qxb2 7. Rb1 Qa3 8. e4 Nc5 9. Bd3 Nxd3+ 10. cxd3 Qa5 11. Nf3 Nh5 12. Be3 e5 13. 0-0 Ba6 14. Rb3 Qc7 15. Rfb1 Bd6 16. Na4 Nf4 17. Nc5 Bc8 18. Nb7 0-0 19. Nxd6 Qxd6 20. Nxe5 Nxg2 21. Kxg2 Qxe5 22. Bf4 Qh5 23. d4 d5 24. Rg3 dxe4 25. Bh6 Bg4 26. Bxg7 Kxg7 27. h3 f5 28. Qa5 Qg6 29. Qe5+ Kg8 30. Rb7 Rae8 31. Qf4 h5 32. hxg4 fxg4 33. Qc7 e3 34. fxe3 h4 0-1

[Event "Helsinki Harri Hurmeen 70 A"]
[Site "Helsinki"]
[Date "2015.06.06"]
[Round "2"]
[White "Suseenthiram, Rajaji"]
[Black "Laukkanen, Jere"]
[Result "0-1"]
[WhiteElo "1975"]
[BlackElo "1926"]
[PlyCount "104"]
[EventDate "2015.06.07"]
[EventType "swiss"]
[EventRounds "5"]
[EventCountry "FIN"]
[SourceTitle "EXT 2022"]
[Source "ChessBase"]
[SourceDate "2021.10.06"]
[SourceVersion "1"]
[SourceVersionDate "2021.10.06"]
[SourceQuality "1"]

1. Nf3 f5 2. b4 Nf6 3. Bb2 d5 4. e3 e6 5. a3 c5 6. b5 Bd6 7. c4 0-0 8. d3 Nbd7 9. Be2 Qe7 10. Nc3 h6 11. Qb3 Nb6 12. Nh4 Kh7 13. g3 dxc4 14. dxc4 e5 15. Qc2 e4 16. a4 Be6 17. a5 Nbd7 18. g4 Nxg4 19. Nxe4 Nxe3 20. Nf6+ Nxf6 21. fxe3 Ng4 22. Ng2 Be5 23. Bxe5 Nxe5 24. 0-0-0 Qf7 25. Qc3 Bxc4 26. Bh5 Qxh5 27. Qxe5 Bxb5 28. Nf4 Qf7 29. Rhg1 Qf6 30. Rd5 Qxe5 31. Rxe5 Rfe8 32. Ne6 g6 33. Rd1 Bc4 34. Rd7+ Kh8 35. Nf4 Rxe5 36. Nxg6+ Kg8 37. Nxe5 Ba6 38. Ng6 Re8 39. Ne7+ Kf7 40. Nc8+ Ke6 41. Rc7 c4 42. Kc2 Rd8 43. h4 Ke5 44. Re7+ Kf6 45. Rc7 Rd3 46. Nxa7 Rxe3 47. Nc6 bxc6 48. Rxc6+ Re6 49. Rc7 Kg6 50. Kc3 f4 51. Kd4 f3 52. Kd5 Rf6 0-1

[Event "Helsinki Garde Spring Weekend A"]
[Site "Helsinki"]
[Date "2015.03.08"]
[Round "5"]
[White "Suseenthiram, Rajaji"]
[Black "Ponnio, Toni"]
[Result "1-0"]
[WhiteElo "1976"]
[BlackElo "2044"]
[PlyCount "89"]
[EventDate "2015.03.06"]
[EventType "swiss"]
[EventRounds "5"]
[EventCountry "FIN"]
[SourceTitle "EXT 2022"]
[Source "ChessBase"]
[SourceDate "2021.10.06"]
[SourceVersion "1"]
[SourceVersionDate "2021.10.06"]
[SourceQuality "1"]

1. d4 Nf6 2. c4 g6 3. Nc3 Bg7 4. e4 d6 5. Bd3 0-0 6. f3 Nc6 7. Nge2 e5 8. d5 Nd4 9. Be3 Nxe2 10. Qxe2 c6 11. g4 cxd5 12. cxd5 a6 13. h4 h5 14. g5 Nd7 15. 0-0-0 b5 16. Kb1 Nc5 17. Rc1 b4 18. Nd1 Nxd3 19. Qxd3 Bd7 20. b3 Bb5 21. Qd2 a5 22. Nb2 Rc8 23. Qf2 Qd7 24. Bb6 a4 25. bxa4 Bxa4 26. Nxa4 Qxa4 27. Bc7 b3 28. Bxd6 bxa2+ 29. Ka1 Rfd8 30. Bc7 Rd7 31. d6 Bf8 32. Qb6 Qd4+ 33. Qxd4 exd4 34. e5 Ra8 35. Rc4 Ra3 36. f4 Rd3 37. Rh2 Rd1+ 38. Kxa2 d3 39. Rd4 Rf1 40. Kb3 Bg7 41. Kb4 Bf8 42. Kb5 Rc1 43. Rc4 Rxc4 44. Kxc4 Kg7 45. Kd5 1-0

[Event "Espoo MatSK Weekend A"]
[Site "Espoo"]
[Date "2015.02.28"]
[Round "3"]
[White "Sorvari, Jarmo"]
[Black "Suseenthiram, Rajaji"]
[Result "1/2-1/2"]
[WhiteElo "2076"]
[BlackElo "1955"]
[PlyCount "51"]
[EventDate "2015.02.27"]
[EventType "swiss"]
[EventRounds "5"]
[EventCountry "FIN"]
[SourceTitle "EXT 2022"]
[Source "ChessBase"]
[SourceDate "2021.10.06"]
[SourceVersion "1"]
[SourceVersionDate "2021.10.06"]
[SourceQuality "1"]

1. d4 d5 2. Bf4 Nf6 3. e3 g6 4. Nf3 Bg7 5. Be2 c5 6. c3 Nc6 7. Nbd2 0-0 8. h3 a6 9. 0-0 b6 10. Ne5 Nxe5 11. Bxe5 Bb7 12. Bf3 Ra7 13. Qe2 Nd7 14. Bxg7 Kxg7 15. Rfd1 e5 16. g3 e4 17. Bg2 f5 18. dxc5 Nxc5 19. Nb3 Nd3 20. Rxd3 exd3 21. Qxd3 Qf6 22. h4 a5 23. a3 Rd8 24. Rd1 Ba6 25. Qd2 Rad7 26. Nd4 1/2-1/2

[Event "Helsinki Timo Munukan 50v B"]
[Site "Helsinki"]
[Date "2015.02.22"]
[Round "5"]
[White "Suseenthiram, Rajaji"]
[Black "Raitanen, Markku"]
[Result "1/2-1/2"]
[WhiteElo "1824"]
[BlackElo "1960"]
[PlyCount "79"]
[EventDate "2015.02.21"]
[EventType "swiss"]
[EventRounds "5"]
[EventCountry "FIN"]
[SourceTitle "EXT 2022"]
[Source "ChessBase"]
[SourceDate "2021.10.06"]
[SourceVersion "1"]
[SourceVersionDate "2021.10.06"]
[SourceQuality "1"]

1. d4 d5 2. c4 dxc4 3. Nc3 c5 4. d5 Nf6 5. Qa4+ Bd7 6. Qxc4 e6 7. e4 a6 8. a4 Qa5 9. Bd2 Qb4 10. Nf3 Bd6 11. e5 b5 12. axb5 axb5 13. Qxb4 Rxa1+ 14. Nd1 cxb4 15. dxe6 Bxe6 16. Bxb5+ Nbd7 17. exf6 Bb3 18. Ke2 Kd8 19. fxg7 Re8+ 20. Be3 Rg8 21. Bd4 Bf4 22. Re1 Bh6 23. Ne3 Rxe1+ 24. Nxe1 Bxg7 25. Bxg7 Rxg7 26. Bxd7 Kxd7 27. Nd3 Kc6 28. Nxb4+ Kb5 29. Nd3 Bc4 30. g3 Bxd3+ 31. Kxd3 Kc5 32. Ke4 Rg6 33. Kf5 Kd6 34. b4 Ke7 35. Nd5+ Kd6 36. Nf4 Rh6 37. h4 Ke7 38. Nd5+ Kd6 39. Nf6 Rg6 40. Ke4 1/2-1/2

[Event "Helsinki We LauttSK"]
[Site "Helsinki"]
[Date "2014.10.26"]
[Round "5"]
[White "Suseenthiram, Rajaji"]
[Black "Ertbjerg, Per"]
[Result "1-0"]
[WhiteElo "1917"]
[BlackElo "2007"]
[PlyCount "119"]
[EventDate "2014.10.24"]
[EventType "swiss"]
[EventRounds "5"]
[EventCountry "FIN"]
[SourceTitle "EXT 2022"]
[Source "ChessBase"]
[SourceDate "2021.10.06"]
[SourceVersion "1"]
[SourceVersionDate "2021.10.06"]
[SourceQuality "1"]

1. d4 Nf6 2. c4 g6 3. Nc3 d5 4. cxd5 Nxd5 5. e4 Nxc3 6. bxc3 Bg7 7. Bc4 c5 8. Ne2 Nc6 9. Be3 0-0 10. 0-0 Bg4 11. f3 Na5 12. Bxf7+ Rxf7 13. fxg4 Rxf1+ 14. Qxf1 Nc4 15. Qc1 Qd7 16. h3 Qe6 17. Ng3 Rd8 18. e5 Qd5 19. Bf2 b5 20. Rb1 b4 21. g5 e6 22. Ne2 Qe4 23. Nf4 Rf8 24. Nxe6 Rxf2 25. Kxf2 Qf5+ 26. Nf4 Nd2 27. Qxd2 Qxb1 28. dxc5 Qe4 29. Qd8+ Bf8 30. Qd5+ Qxd5 31. Nxd5 Bxc5+ 32. Kf3 bxc3 33. Nxc3 Kf7 34. Ke4 Ke6 35. Nd5 Bf8 36. Nf4+ Kd7 37. Kd5 Bb4 38. Ne6 Ke7 39. g4 Be1 40. a4 a5 41. Nd4 Kd7 42. Nf3 Bb4 43. e6+ Ke7 44. Ne5 Bd2 45. Nc6+ Ke8 46. Kd6 Be1 47. Kc5 Bd2 48. Kb5 Kf8 49. Kc5 Ke8 50. h4 Be1 51. h5 Bd2 52. hxg6 hxg6 53. Ne5 Bxg5 54. Nxg6 Bd2 55. Kd5 Bc3 56. Ne5 Bd2 57. Nc6 Kf8 58. g5 Bxg5 59. Nxa5 Ke8 60. Nc4 1-0

[Event "FIN Team Cup"]
[Site "Finland"]
[Date "2013.04.06"]
[Round "1.4"]
[White "Haanpaa, Jorma"]
[Black "Suseenthiram, Rajaji"]
[Result "1-0"]
[WhiteElo "1998"]
[BlackElo "1847"]
[PlyCount "115"]
[EventDate "2013.04.06"]
[EventType "team-k.o."]
[EventRounds "6"]
[EventCountry "FIN"]
[SourceTitle "EXT 2022"]
[Source "ChessBase"]
[SourceDate "2021.10.06"]
[SourceVersion "1"]
[SourceVersionDate "2021.10.06"]
[SourceQuality "1"]
[WhiteTeam "Helsinki Garde II"]
[BlackTeam "Helsinki I-HSK II"]
[WhiteTeamCountry "FIN"]
[BlackTeamCountry "FIN"]

1. e4 c5 2. Nf3 d6 3. c3 Nf6 4. Bc4 Nxe4 5. Qa4+ Nc6 6. Bxf7+ Kxf7 7. Qxe4 e6 8. d4 d5 9. Qe2 cxd4 10. cxd4 Be7 11. Bf4 Rf8 12. Nc3 Kg8 13. Be5 Nxe5 14. Nxe5 Rf4 15. Rd1 a5 16. 0-0 Ra6 17. g3 Rf5 18. f4 Rb6 19. b3 Rb4 20. Na4 Bd6 21. Qc2 Bxe5 22. fxe5 Rxf1+ 23. Kxf1 Bd7 24. a3 Rxa4 25. bxa4 Qf8+ 26. Kg2 Qxa3 27. Qc7 Bxa4 28. Qc8+ Qf8 29. Qxe6+ Qf7 30. Qc8+ Qf8 31. Qxf8+ Kxf8 32. Ra1 b5 33. Kf2 Ke7 34. Ke3 Kd7 35. Kd3 Kc6 36. Rc1+ Kb6 37. e6 b4 38. Rc8 Bb5+ 39. Kc2 Kb7 40. Rc5 Bc6 41. Rxa5 Kc7 42. Ra7+ Kd6 43. Rxg7 Kxe6 44. Rxh7 Ba4+ 45. Kb2 Bd1 46. Rb7 b3 47. Rxb3 Kf5 48. Re3 Kg4 49. h4 Kh3 50. Kc3 Kh2 51. Re5 Kxg3 52. h5 Bf3 53. h6 Be4 54. Rxe4 dxe4 55. h7 e3 56. h8Q e2 57. Qe5+ Kf2 58. Kd2 1-0